| 000 | 01200nam a2200325 a 4500 | ||
|---|---|---|---|
| 001 | 000012102 | ||
| 005 | 20241009100000.0 | ||
| 008 | 091104s1977 ag 001 0 spa d | ||
| 040 |
_aDO-SdBNP _bspa _cBNPHU |
||
| 041 | 1 | 7 |
_aspa _hfre _2Código de idioma MARC |
| 082 |
_a410 _bF825L |
||
| 100 | 1 |
_aFrancois, Fréderic _928588 |
|
| 240 | 1 | 3 |
_aLa langage = La communication _lespañol |
| 245 | 1 | 3 |
_aEl lenguaje = La comunicación / _cFréderic Francois ... [et. al.] ; traductor, Hugo Acevedo. |
| 260 |
_aBuenos Aires, Argentina : _bNueva Visión, _c1977. |
||
| 300 |
_a184 p. : _bil., tablas ; _c23 cm. |
||
| 490 | 1 |
_aTratado del lenguaje _v1 |
|
| 500 | _aIncluye índice analítico: p. 177-184. | ||
| 534 |
_pTítulo original en francés: _tLa langage = La communication _cParís : Encyclopédie de la Pléyade, 1965. |
||
| 650 | 4 |
_aLenguaje y lenguas _9407 |
|
| 650 | 0 |
_aComunicación _9378 |
|
| 700 | 1 |
_aMandelbrot, Benoit _928589 |
|
| 700 | 1 |
_aMalmberg, Bertil _928590 |
|
| 700 | 1 |
_aBuyssens, Eric _928591 |
|
| 700 | 1 |
_aPrieto, Luis J. _928592 |
|
| 700 | 1 |
_aGuiraud, Pierre _928593 |
|
| 700 | 1 |
_aAcevedo, Hugo, _etr. _928594 |
|
| 830 | 0 |
_aTratado del lenguaje ; _v1 _928595 |
|
| 049 | _aBNGR | ||
| 999 |
_c11767 _d11767 |
||